[Event "World-chT Rapid"]
[Site "Dusseldorf"]
[Date "2023.08.28"]
[Round "9"]
[White "Braun, Christian"]
[Black "Veinberg, Nimrod"]
[Result "0-1"]
[WhiteElo "2337"]
[BlackElo "2417"]
[PlyCount "88"]
[EventDate "2023.08.26"]
[EventType "team-swiss (rapid)"]
[EventRounds "12"]
[EventCountry "GER"]
[SourceTitle "CBM 215 Extra"]
[Source "ChessBase"]
[SourceDate "2023.09.30"]
[SourceVersion "1"]
[SourceVersionDate "2023.09.30"]
[SourceQuality "1"]
[WhiteTeam "Duesseldorf"]
[BlackTeam "Rishon Le Zion"]
[WhiteTeamCountry "GER"]
[BlackTeamCountry "ISR"]

1. Nf3 d5 2. g3 Nf6 3. Bg2 e6 4. 0-0 Be7 5. d3 0-0 6. Nbd2 c5 7. e4 Nc6 8. Re1 Qc7 9. e5 Nd7 10. Qe2 Re8 11. Nf1 f6 12. exf6 Nxf6 13. Bf4 Bd6 14. Bxd6 Qxd6 15. Ne5 Nd7 16. Nxc6 bxc6 17. c4 a5 18. Ne3 Ba6 19. Rac1 Rab8 20. Qd2 a4 21. Qa5 Ra8 22. Qxa4 Bb7 23. Qb3 Reb8 24. a3 Bc8 25. Qc2 d4 26. Nf1 Rb7 27. Qe2 e5 28. Bh3 e4 29. Bxd7 Bxd7 30. Qxe4 Rxb2 31. Qe7 Qxe7 32. Rxe7 Bf5 33. Rc7 Bxd3 34. Rxc6 Rxa3 35. Rxc5 Raa2 36. Rd1 Be2 37. Rxd4 h6 38. Rc8+ Kh7 39. Rf8 Rb1 40. Kg2 Bxf1+ 41. Kf3 Rbb2 42. Kg4 Rxf2 43. Rxf2 Rxf2 44. Rf4 Rxf4+ 0-1

[Event "World-chT Rapid"]
[Site "Dusseldorf"]
[Date "2023.08.28"]
[Round "10"]
[White "Geshnizjani, Ramin Tobias"]
[Black "Braun, Christian"]
[Result "0-1"]
[WhiteElo "2141"]
[BlackElo "2337"]
[PlyCount "154"]
[EventDate "2023.08.26"]
[EventType "team-swiss (rapid)"]
[EventRounds "12"]
[EventCountry "GER"]
[SourceTitle "CBM 215 Extra"]
[Source "ChessBase"]
[SourceDate "2023.09.30"]
[SourceVersion "1"]
[SourceVersionDate "2023.09.30"]
[SourceQuality "1"]
[WhiteTeam "Heilbronn Hustlers"]
[BlackTeam "Duesseldorf"]
[WhiteTeamCountry "GER"]
[BlackTeamCountry "GER"]

1. e4 e6 2. d4 d5 3. Nd2 Be7 4. Ngf3 Nf6 5. e5 Nfd7 6. Bd3 c5 7. c3 Nc6 8. 0-0 g5 9. Qe2 b6 10. Qe3 h5 11. Ne1 g4 12. f4 cxd4 13. Qe2 dxc3 14. bxc3 Nc5 15. Nb3 Nxd3 16. Nxd3 d4 17. cxd4 Qd5 18. Bb2 Bb7 19. f5 0-0-0 20. Nf4 Qd7 21. d5 exd5 22. e6 fxe6 23. fxe6 Qd6 24. Bxh8 Rxh8 25. Ng6 Re8 26. Nxe7+ Qxe7 27. Rad1 Qxe6 28. Qxe6+ Rxe6 29. Rxd5 h4 30. Rf8+ Kc7 31. Kf2 Ne5 32. Rd2 Re7 33. Nd4 a6 34. Nf5 g3+ 35. hxg3 Ng4+ 36. Kf1 Re5 37. Rf7+ Kb8 38. Rf8+ Ka7 39. Nxh4 Bd5 40. Rf4 Bc4+ 41. Rxc4 Ne3+ 42. Kf2 Nxc4 43. Rd7+ Kb8 44. Nf3 Ra5 45. g4 Rxa2+ 46. Kg3 Ne3 47. g5 Rxg2+ 48. Kf4 Nc4 49. Nd4 Kc8 50. Ra7 a5 51. Kf5 Nd6+ 52. Ke6 Nb7 53. Kf6 Rf2+ 54. Ke6 Rg2 55. Kf6 Rf2+ 56. Ke6 Nd8+ 57. Kd6 Rd2 58. Ra8+ Kb7 59. Rxd8 Rxd4+ 60. Ke7 Rg4 61. Kf6 a4 62. g6 b5 63. g7 a3 64. Rd3 b4 65. Rd4 a2 66. Rxg4 a1Q+ 67. Kf7 Qf1+ 68. Kg6 Qd3+ 69. Kg5 Qd5+ 70. Kh6 Qe6+ 71. Rg6 Qg8 72. Rf6 b3 73. Rf8 Qe6+ 74. Kh7 b2 75. g8Q b1Q+ 76. Kg7 Qeg6+ 77. Kh8 Qh6+ 0-1

[Event "GER-ch Net blitz qual3"]
[Site "Playchess.com INT"]
[Date "2021.05.07"]
[Round "7"]
[White "Braun, Christian"]
[Black "Buring, Matthias"]
[Result "1-0"]
[WhiteElo "1856"]
[BlackElo "1745"]
[PlyCount "91"]
[EventDate "2021.05.07"]
[EventType "swiss (blitz)"]
[EventRounds "11"]
[EventCountry "GER"]
[SourceTitle "CBM 202 Extra"]
[Source "ChessBase"]
[SourceDate "2021.07.31"]
[SourceVersion "1"]
[SourceVersionDate "2021.07.31"]
[SourceQuality "1"]

1. d4 d5 2. c4 c6 3. Nf3 e6 4. e3 f5 5. b3 Nf6 6. Bb2 Be7 7. Bd3 0-0 8. Ne5 Nbd7 9. f4 Ng4 10. Qe2 Bb4+ 11. Nc3 Ngf6 12. a3 Be7 13. 0-0 Ne4 14. b4 Nxe5 15. dxe5 b6 16. Rad1 Qe8 17. b5 Bb7 18. bxc6 Bxc6 19. cxd5 exd5 20. Nb5 Bc5 21. Nd4 Ba4 22. Rc1 Rc8 23. Kh1 Qe7 24. Ra1 Qh4 25. Qe1 Qh5 26. Rf3 Bxd4 27. Bxd4 Bc2 28. Be2 Qe8 29. Rh3 Qe6 30. Bf3 Rc4 31. Bxe4 dxe4 32. Qh4 h6 33. Qg3 Rfc8 34. Qe1 Bd3 35. Rg3 Rc2 36. h3 Ra2 37. Rxa2 Qxa2 38. e6 Qxe6 39. Rxg7+ Kf8 40. Qg3 Rc1+ 41. Kh2 Rc2 42. Rxa7 Bf1 43. Qg7+ Ke8 44. Ra8+ Rc8 45. Qh8+ Ke7 46. Rxc8 1-0

[Event "GER-ch Net blitz qual3"]
[Site "Playchess.com INT"]
[Date "2021.05.07"]
[Round "9"]
[White "Braun, Christian"]
[Black "Gombert, Reiner"]
[Result "0-1"]
[WhiteElo "1856"]
[BlackElo "1700"]
[PlyCount "109"]
[EventDate "2021.05.07"]
[EventType "swiss (blitz)"]
[EventRounds "11"]
[EventCountry "GER"]
[SourceTitle "CBM 202 Extra"]
[Source "ChessBase"]
[SourceDate "2021.07.31"]
[SourceVersion "1"]
[SourceVersionDate "2021.07.31"]
[SourceQuality "1"]

1. d4 Nf6 2. c4 g6 3. Nc3 Bg7 4. e4 d6 5. f4 c5 6. d5 0-0 7. Nf3 e6 8. Be2 exd5 9. cxd5 Re8 10. Nd2 b5 11. Bxb5 Bd7 12. Bxd7 Nbxd7 13. 0-0 Rb8 14. h3 Nh5 15. Qf3 Qh4 16. Nc4 Bd4+ 17. Kh2 Qe7 18. e5 dxe5 19. d6 Qe6 20. Nd5 e4 21. Qg4 Qxd5 22. Qxd7 Qxc4 23. f5 Be5+ 24. Kg1 Qd4+ 25. Rf2 Qxd6 26. Qxa7 Bd4 27. fxg6 Bxf2+ 28. Kxf2 fxg6 29. Be3 Rf8+ 30. Kg1 Rbc8 31. Rc1 Nf4 32. Bxc5 Rxc5 33. Rxc5 Qd4+ 34. Kh2 Qd6 35. Kh1 Ne6 36. Rc1 Qf4 37. Qd7 Ng5 38. Qd5+ Rf7 39. Rc8+ Kg7 40. Qd4+ Kh6 41. Qd1 e3 42. Rc2 Qf1+ 43. Qxf1 Rxf1+ 44. Kh2 Rf5 45. Re2 Re5 46. h4 Ne6 47. g4 Nd4 48. Re1 e2 49. Kg2 Nc2 50. Kf2 Nxe1 51. Kxe1 Re4 52. b3 Rxg4 53. Kxe2 Rxh4 54. a4 Rb4 55. Kd2 0-1

[Event "GER-ch Net blitz qual3"]
[Site "Playchess.com INT"]
[Date "2021.05.07"]
[Round "2"]
[White "Braun, Christian"]
[Black "Weber, Samuel"]
[Result "1/2-1/2"]
[WhiteElo "1856"]
[BlackElo "2277"]
[PlyCount "120"]
[EventDate "2021.05.07"]
[EventType "swiss (blitz)"]
[EventRounds "11"]
[EventCountry "GER"]
[SourceTitle "CBM 202 Extra"]
[Source "ChessBase"]
[SourceDate "2021.07.31"]
[SourceVersion "1"]
[SourceVersionDate "2021.07.31"]
[SourceQuality "1"]

1. d4 Nf6 2. c4 e6 3. Nc3 c5 4. d5 exd5 5. cxd5 d6 6. e4 g6 7. f4 Bg7 8. Bb5+ Nfd7 9. Be2 0-0 10. Nf3 Re8 11. 0-0 a6 12. a4 Nf6 13. e5 dxe5 14. fxe5 Ng4 15. e6 fxe6 16. dxe6 Qxd1 17. Rxd1 Bxe6 18. Ng5 Bd4+ 19. Kf1 Rf8+ 20. Bf3 Bc4+ 21. Ke1 Bf2+ 22. Kd2 Ne3 23. Nce4 Rd8+ 24. Kc3 Nxd1+ 25. Kxc4 b5+ 26. Kb3 Rd3+ 27. Kc2 Rxf3 28. gxf3 Ne3+ 29. Kd3 Nf5 30. Ke2 Bd4 31. Ne6 Nc6 32. Nxd4 Ncxd4+ 33. Kf2 Rd8 34. Bg5 Rd7 35. Nf6+ Kf7 36. Nxd7 c4 37. Nb6 h6 38. Be3 Nc2 39. Rd1 Ncxe3 40. Rd8 Ke6 41. axb5 axb5 42. Rb8 Nd1+ 43. Ke1 Nxb2 44. Nc8 Nd3+ 45. Kd2 Nd4 46. Kc3 Nxf3 47. Rxb5 Nfe5 48. Kd4 Kf5 49. Nd6+ Kf4 50. Nxc4 Nxc4 51. Kxc4 Ne5+ 52. Kd5 g5 53. Ke6 Nf3 54. Rb2 h5 55. Kf6 g4 56. Rb4+ Ke3 57. Kg6 Nxh2 58. Kxh5 g3 59. Rb3+ Kf2 60. Rxg3 Kxg3 1/2-1/2

[Event "GER-ch Net blitz qual2"]
[Site "Playchess.com INT"]
[Date "2021.05.04"]
[Round "10"]
[White "Heerde, Thomas"]
[Black "Braun, Christian"]
[Result "0-1"]
[WhiteElo "1663"]
[BlackElo "1938"]
[PlyCount "104"]
[EventDate "2021.05.04"]
[EventType "swiss (blitz)"]
[EventRounds "11"]
[EventCountry "GER"]
[SourceTitle "CBM 202 Extra"]
[Source "ChessBase"]
[SourceDate "2021.07.31"]
[SourceVersion "1"]
[SourceVersionDate "2021.07.31"]
[SourceQuality "1"]

1. e4 c5 2. Nc3 Nc6 3. f4 g6 4. Bb5 Nd4 5. Nf3 Bg7 6. 0-0 a6 7. Be2 e6 8. d3 Ne7 9. e5 d6 10. Ne4 Nef5 11. exd6 Nxf3+ 12. Bxf3 Nxd6 13. Kh1 Nxe4 14. dxe4 0-0 15. e5 Qc7 16. Qe2 Bd7 17. Be3 Rac8 18. Qf2 b6 19. Rad1 Bb5 20. Rfe1 f6 21. exf6 Bxf6 22. c3 Ba4 23. b3 Bc6 24. c4 Bc3 25. Rf1 Rcd8 26. Bc1 Bd4 27. Be3 Bf6 28. Bc1 Kg7 29. Bb2 Rxd1 30. Rxd1 Qxf4 31. Bxf6+ Qxf6 32. Qg3 Bxf3 33. Rd7+ Rf7 34. Rxf7+ Qxf7 35. gxf3 Qf6 36. Kg2 e5 37. Qg4 Qf5 38. Qh4 Qf6 39. Qg4 Qf5 40. Qh4 g5 41. Qh5 e4 42. fxe4 Qxe4+ 43. Kh3 Qe3+ 44. Kg2 Qf4 45. Qe8 g4 46. Qe7+ Kg6 47. Qe6+ Kg5 48. Qe7+ Kf5 49. Qd7+ Ke4 50. Qxh7+ Ke3 51. Qe7+ Kd2 52. Qd7+ Kc2 0-1

[Event "GER-ch Net blitz qual1"]
[Site "Playchess.com INT"]
[Date "2021.04.24"]
[Round "8"]
[White "Braun, Christian"]
[Black "Koelle, Tobias"]
[Result "1-0"]
[WhiteElo "1773"]
[BlackElo "2274"]
[PlyCount "101"]
[EventDate "2021.04.24"]
[EventType "swiss (blitz)"]
[EventRounds "11"]
[EventCountry "GER"]
[SourceTitle "CBM 202 Extra"]
[Source "ChessBase"]
[SourceDate "2021.07.31"]
[SourceVersion "1"]
[SourceVersionDate "2021.07.31"]
[SourceQuality "1"]

1. e4 Nc6 2. Nf3 e5 3. Bc4 Bc5 4. c3 Nf6 5. d4 exd4 6. b4 Bb6 7. e5 d5 8. exf6 dxc4 9. Qe2+ Be6 10. b5 Na5 11. fxg7 Rg8 12. cxd4 Bxd4 13. Nxd4 Qxd4 14. Bb2 Qd3 15. Qxd3 cxd3 16. Nd2 0-0-0 17. Rc1 Rde8 18. 0-0 Bf5 19. Rfe1 Rxe1+ 20. Rxe1 Be6 21. Ne4 Nc4 22. Bf6 Bf5 23. f3 d2 24. Rd1 Bxe4 25. fxe4 Kd7 26. g4 Ke6 27. g5 c6 28. bxc6 bxc6 29. h4 h5 30. Kf2 Nd6 31. Kf3 Nc4 32. Bc3 c5 33. Bxd2 Nxd2+ 34. Rxd2 Rxg7 35. Rd5 Rg8 36. Rxc5 Rb8 37. Rc6+ Ke5 38. Rh6 Rb2 39. Rxh5 Rxa2 40. g6+ Kf6 41. gxf7 Kxf7 42. Rf5+ Ke6 43. h5 Rh2 44. Kg4 Rh1 45. Ra5 Rg1+ 46. Kf4 Rf1+ 47. Kg5 Rg1+ 48. Kh6 Rg4 49. Ra6+ Ke5 50. Rxa7 Rxe4 51. Re7+ 1-0

[Event "GER-ch Net blitz qual1"]
[Site "Playchess.com INT"]
[Date "2021.04.24"]
[Round "10"]
[White "Braun, Christian"]
[Black "Langrock, Hannes"]
[Result "1-0"]
[WhiteElo "1773"]
[BlackElo "2237"]
[PlyCount "53"]
[EventDate "2021.04.24"]
[EventType "swiss (blitz)"]
[EventRounds "11"]
[EventCountry "GER"]
[SourceTitle "CBM 202 Extra"]
[Source "ChessBase"]
[SourceDate "2021.07.31"]
[SourceVersion "1"]
[SourceVersionDate "2021.07.31"]
[SourceQuality "1"]

1. e4 c5 2. Nf3 e6 3. d3 b6 4. g3 Bb7 5. Bg2 d6 6. 0-0 Nf6 7. Re1 Be7 8. a4 a6 9. Nbd2 0-0 10. Nc4 Nbd7 11. Bf4 Qc7 12. e5 dxe5 13. Nfxe5 Nxe5 14. Bxe5 Qc8 15. Nxb6 Qd8 16. Nxa8 Qxa8 17. Bxb7 Qxb7 18. Qe2 Nd7 19. Bc3 e5 20. Bxe5 c4 21. Bxg7 Re8 22. Bc3 Nf8 23. Qe5 f6 24. Qe4 Qd7 25. Qxc4+ Kh8 26. Qd4 Ng6 27. Qxd7 1-0

[Event "GER-ch Net blitz qual1"]
[Site "Playchess.com INT"]
[Date "2021.04.24"]
[Round "5"]
[White "Schulz, Karsten"]
[Black "Braun, Christian"]
[Result "0-1"]
[WhiteElo "2343"]
[BlackElo "1773"]
[PlyCount "110"]
[EventDate "2021.04.24"]
[EventType "swiss (blitz)"]
[EventRounds "11"]
[EventCountry "GER"]
[SourceTitle "CBM 202 Extra"]
[Source "ChessBase"]
[SourceDate "2021.07.31"]
[SourceVersion "1"]
[SourceVersionDate "2021.07.31"]
[SourceQuality "1"]

1. Nf3 Nf6 2. c4 g6 3. b3 Bg7 4. Bb2 0-0 5. g3 d6 6. d4 Nc6 7. Bg2 e5 8. dxe5 dxe5 9. Qxd8 Rxd8 10. 0-0 e4 11. Ng5 Bf5 12. Na3 Nd4 13. Bxd4 Rxd4 14. Nb5 Rd2 15. e3 h6 16. Nh3 g5 17. Nxc7 Rc8 18. Nb5 a6 19. Nd4 Bg4 20. Kh1 Re8 21. Ng1 Nd7 22. h3 Bh5 23. g4 Bg6 24. Nge2 h5 25. Rfd1 Rb2 26. Rdb1 Rxb1+ 27. Rxb1 hxg4 28. hxg4 Ne5 29. Nf5 Nxg4 30. Nxg7 Kxg7 31. Kg1 Rd8 32. Nc3 f5 33. Rd1 Rxd1+ 34. Nxd1 Ne5 35. Nc3 Nd3 36. Kf1 Kf6 37. Ke2 Ke5 38. f3 Bh5 39. Kd2 exf3 40. Bxf3 Bxf3 41. Kxd3 g4 42. Kd2 g3 43. Ke1 f4 44. exf4+ Kxf4 45. Kf1 Ke5 46. Na4 Kd4 47. Nb6 Kc3 48. Nd7 Kb2 49. Ne5 Bc6 50. b4 Be4 51. a4 Kb3 52. b5 Kxa4 53. bxa6 bxa6 54. c5 Kb5 55. c6 Bxc6 0-1

[Event "GER-chT Online Liga 1 GpD"]
[Site "Playchess.com INT"]
[Date "2021.02.23"]
[Round "4.3"]
[White "Braun, Christian"]
[Black "Wenzel, Birger"]
[Result "1/2-1/2"]
[WhiteElo "2245"]
[BlackElo "2034"]
[PlyCount "97"]
[EventDate "2021.01.18"]
[EventType "team-tourn (rapid)"]
[EventRounds "7"]
[EventCountry "GER"]
[SourceTitle "EXT 2022"]
[Source "ChessBase"]
[SourceDate "2021.10.06"]
[SourceVersion "1"]
[SourceVersionDate "2021.10.06"]
[SourceQuality "1"]
[WhiteTeam "Bayern Muenchen"]
[BlackTeam "Eppendorf Johanneum"]
[WhiteTeamCountry "GER"]
[BlackTeamCountry "GER"]

1. d4 Nf6 2. c4 e6 3. Nc3 Bb4 4. f3 Nc6 5. e4 d5 6. cxd5 exd5 7. e5 Ng8 8. f4 Nge7 9. Nf3 0-0 10. Be2 Ba5 11. Be3 f6 12. 0-0 Bb6 13. Na4 fxe5 14. fxe5 Bf5 15. Nxb6 axb6 16. Nh4 Be6 17. Bd3 Rxf1+ 18. Qxf1 Qd7 19. a3 Re8 20. Qf4 Nd8 21. Rf1 Nf7 22. Qf2 c6 23. Qc2 h6 24. Bh7+ Kh8 25. Ng6+ Nxg6 26. Bxg6 Rf8 27. Qf2 Kg8 28. Bb1 Qe7 29. h4 Rd8 30. Qc2 Qxh4 31. Qh7+ Kf8 32. Qh8+ Ke7 33. Qxg7 Rf8 34. Bg6 b5 35. Bf2 Qg5 36. Be1 Qe3+ 37. Bf2 Qg5 38. Be1 Qe3+ 39. Kh1 Qxd4 40. Qf6+ Kd7 41. Bh4 Ng5 42. Qg7+ Nf7 43. Qxf8 Qxh4+ 44. Kg1 Qd4+ 45. Kh1 Qh4+ 46. Kg1 Qd4+ 47. Rf2 Nxe5 48. Qg7+ Kd6 49. Qf8+ 1/2-1/2

[Event "GER-chT Online Liga 1 GpD"]
[Site "Playchess.com INT"]
[Date "2021.01.22"]
[Round "1.3"]
[White "Van Hasselt, Frank"]
[Black "Braun, Christian"]
[Result "1/2-1/2"]
[WhiteElo "2227"]
[BlackElo "2245"]
[PlyCount "50"]
[EventDate "2021.01.18"]
[EventType "team-tourn (rapid)"]
[EventRounds "7"]
[EventCountry "GER"]
[SourceTitle "CBM 200 Extra"]
[Source "ChessBase"]
[SourceDate "2021.03.31"]
[SourceVersion "1"]
[SourceVersionDate "2021.03.31"]
[SourceQuality "1"]
[WhiteTeam "Berlin SF"]
[BlackTeam "Bayern Muenchen"]
[WhiteTeamCountry "GER"]
[BlackTeamCountry "GER"]

1. c4 c5 2. g3 e6 3. Bg2 d5 4. Nf3 Nf6 5. 0-0 Be7 6. b3 0-0 7. Bb2 Nc6 8. e3 b6 9. d4 Bb7 10. Nbd2 Rc8 11. Qe2 Qc7 12. Rfd1 Rfd8 13. Rac1 Qb8 14. Ne5 Nxe5 15. dxe5 Nd7 16. f4 Nf8 17. Nf3 dxc4 18. Qxc4 Rxd1+ 19. Rxd1 Rd8 20. Qe2 Qa8 21. Rxd8 Qxd8 22. Qd2 Qxd2 23. Nxd2 Bxg2 24. Kxg2 Nd7 25. a4 a6 1/2-1/2

[Event "Mittelrhein Regionalliga 18/19"]
[Site "Nordrheinwestfalen"]
[Date "2019.02.10"]
[Round "7.1"]
[White "Cordts, Ingo"]
[Black "Braun, Christian"]
[Result "0-1"]
[WhiteElo "2162"]
[BlackElo "2392"]
[PlyCount "68"]
[EventDate "2018.10.28"]
[EventType "team-tourn"]
[EventRounds "11"]
[EventCountry "GER"]
[SourceTitle "EXT 2022"]
[Source "ChessBase"]
[SourceDate "2021.10.06"]
[SourceVersion "1"]
[SourceVersionDate "2021.10.06"]
[SourceQuality "1"]
[WhiteTeam "Koeln Ford SF"]
[BlackTeam "Aachen DJK Aufwärts III"]
[WhiteTeamCountry "GER"]
[BlackTeamCountry "GER"]

1. Nf3 Nf6 2. c4 g6 3. Nc3 d5 4. Qa4+ Bd7 5. Qb3 dxc4 6. Qxc4 Bg7 7. d4 0-0 8. e4 Bg4 9. Be3 Nc6 10. d5 Na5 11. Qa4 Bxf3 12. gxf3 c6 13. Rd1 b5 14. Qb4 a6 15. dxc6 Nxc6 16. Rxd8 Nxb4 17. Rxa8 Rxa8 18. Be2 Nd7 19. a3 Bxc3+ 20. bxc3 Nc2+ 21. Kd2 Nxe3 22. fxe3 Nb6 23. Rb1 Rc8 24. Rb4 Rc5 25. f4 f6 26. c4 Nxc4+ 27. Bxc4+ Rxc4 28. Rxc4 bxc4 29. Kc3 g5 30. Kxc4 g4 31. Kd5 h5 32. e5 h4 33. exf6 exf6 34. Ke4 h3 0-1

[Event "Regionalliga Sued-West 1819"]
[Site "Bayern"]
[Date "2018.10.21"]
[Round "1.5"]
[White "Watzenberger, Stefan"]
[Black "Braun, Christian"]
[Result "1/2-1/2"]
[WhiteElo "2108"]
[BlackElo "2116"]
[PlyCount "64"]
[EventDate "2018.10.21"]
[EventType "team-tourn"]
[EventRounds "9"]
[EventCountry "GER"]
[SourceTitle "EXT 2022"]
[Source "ChessBase"]
[SourceDate "2021.10.06"]
[SourceVersion "1"]
[SourceVersionDate "2021.10.06"]
[SourceQuality "1"]
[WhiteTeam "Sendling SC"]
[BlackTeam "Muenchen Bayern III"]
[WhiteTeamCountry "GER"]
[BlackTeamCountry "GER"]

1. e4 c5 2. d4 cxd4 3. c3 Nf6 4. e5 Nd5 5. Nf3 e6 6. cxd4 b6 7. Nc3 Nxc3 8. bxc3 Qc7 9. Bb2 Bb7 10. Bd3 d6 11. 0-0 Nd7 12. c4 dxe5 13. Nxe5 Nxe5 14. dxe5 Bc5 15. Kh1 0-0-0 16. Qe2 Rd7 17. Rad1 Rhd8 18. Bc2 Rxd1 19. Rxd1 Rxd1+ 20. Bxd1 Qd8 21. Bc2 Qh4 22. f3 g6 23. Bc3 Qf4 24. Bb2 Bc6 25. Be4 Bxe4 26. fxe4 Kc7 27. g3 Qe3 28. Qxe3 Bxe3 29. Kg2 Kc6 30. Kf3 Bg1 31. Ba3 Bc5 32. Bb2 Bg1 1/2-1/2

[Event "Mittelrhein Regionalliga 18/19"]
[Site "Nordrheinwestfalen"]
[Date "2018.09.30"]
[Round "2.1"]
[White "Braun, Christian"]
[Black "Fuhrmann, Max"]
[Result "1-0"]
[WhiteElo "2409"]
[BlackElo "2090"]
[PlyCount "71"]
[EventDate "2018.10.28"]
[EventType "team-tourn"]
[EventRounds "11"]
[EventCountry "GER"]
[SourceTitle "EXT 2022"]
[Source "ChessBase"]
[SourceDate "2021.10.06"]
[SourceVersion "1"]
[SourceVersionDate "2021.10.06"]
[SourceQuality "1"]
[WhiteTeam "Aachen DJK Aufwärts III"]
[BlackTeam "Koeln SF II"]
[WhiteTeamCountry "GER"]
[BlackTeamCountry "GER"]

1. e4 c6 2. Nc3 d5 3. Nf3 Bg4 4. h3 Bxf3 5. Qxf3 e6 6. d4 dxe4 7. Qxe4 Nf6 8. Qd3 Be7 9. g3 0-0 10. Bg2 Nbd7 11. 0-0 Qc7 12. Rd1 Rad8 13. Ne4 Nxe4 14. Qxe4 Nf6 15. Qe2 Rd7 16. c3 Rfd8 17. Bf4 Bd6 18. Bg5 Be7 19. h4 h6 20. Bd2 Qb6 21. b4 Nd5 22. Rab1 Bf6 23. Be4 Qc7 24. Bc2 Kf8 25. Qe4 Ne7 26. Qh7 Ng8 27. Qe4 e5 28. Be3 h5 29. dxe5 Rxd1+ 30. Rxd1 Rxd1+ 31. Bxd1 Bxe5 32. Bxa7 Bxc3 33. Bc5+ Ne7 34. Bxh5 g6 35. Bxg6 b6 36. Qf3 1-0

[Event "Bundesliga 1718"]
[Site "Germany"]
[Date "2017.12.09"]
[Round "5.8"]
[White "Bohnsack, Ralf"]
[Black "Braun, Christian"]
[Result "0-1"]
[WhiteElo "2153"]
[BlackElo "2369"]
[PlyCount "100"]
[EventDate "2017.10.21"]
[EventType "team-tourn"]
[EventRounds "15"]
[EventCountry "GER"]
[SourceTitle "CBM 182"]
[Source "ChessBase"]
[SourceDate "2018.01.17"]
[SourceVersion "1"]
[SourceVersionDate "2018.01.17"]
[SourceQuality "1"]
[WhiteTeam "Norderstedt"]
[BlackTeam "Aachen"]
[WhiteTeamCountry "GER"]
[BlackTeamCountry "GER"]

1. d4 g6 2. c4 Bg7 3. Nf3 d6 4. Nc3 Nc6 5. g3 Bg4 6. Be3 Qd7 7. Bg2 e5 8. dxe5 dxe5 9. 0-0 Nge7 10. Qa4 Nd4 11. Qxd7+ Bxd7 12. Bxd4 exd4 13. Nb5 0-0 14. Nbxd4 c5 15. Nb5 Bxb2 16. Rad1 Bc6 17. Ng5 h6 18. Rd2 Be5 19. Ne4 a6 20. Na3 b6 21. e3 Rad8 22. f4 Rxd2 23. Nxd2 Rd8 24. Ne4 Bb2 25. Nc2 f5 26. Nf2 Bxg2 27. Kxg2 Rd2 28. Ne1 Bc3 29. Ned3 Rxa2 30. Rb1 Ba5 31. Ne5 Rd2 32. Kf3 Rd6 33. Rb3 Bb4 34. g4 a5 35. gxf5 gxf5 36. Nfd3 Nc6 37. Rb2 Nxe5+ 38. Nxe5 Bc3 39. Rg2+ Kf8 40. e4 a4 41. Ra2 Bxe5 42. fxe5 Rd3+ 43. Kf4 fxe4 44. Rxa4 e3 45. Kf3 Ke7 46. Ra7+ Ke6 47. Rh7 e2+ 48. Kxe2 Rh3 49. Rb7 Kxe5 50. Rxb6 Kd4 0-1

[Event "Mittelrhein Regionalliga 1718"]
[Site "Nordrheinwestfalen"]
[Date "2017.09.10"]
[Round "1.1"]
[White "Horstmann, Olaf"]
[Black "Braun, Christian"]
[Result "0-1"]
[WhiteElo "2145"]
[BlackElo "2315"]
[PlyCount "88"]
[EventDate "2017.09.10"]
[EventType "team-tourn"]
[EventRounds "9"]
[EventCountry "GER"]
[SourceTitle "EXT 2022"]
[Source "ChessBase"]
[SourceDate "2021.10.06"]
[SourceVersion "1"]
[SourceVersionDate "2021.10.06"]
[SourceQuality "1"]
[WhiteTeam "Bonn Stadtverwaltung"]
[BlackTeam "Aachen DJK Aufwärts III"]
[WhiteTeamCountry "GER"]
[BlackTeamCountry "GER"]

1. e4 e6 2. d3 d5 3. Qe2 dxe4 4. dxe4 e5 5. Nf3 Nc6 6. c3 a5 7. Qc2 Bc5 8. Bb5 Qe7 9. Nbd2 Bd7 10. 0-0 Nf6 11. Nc4 Nb8 12. Bxd7+ Nbxd7 13. Bg5 0-0 14. Ne3 Bxe3 15. Bxe3 b6 16. Rad1 Qe6 17. b3 Qc6 18. Bg5 Rfe8 19. Rfe1 Re6 20. Nd2 Ne8 21. Be3 Nd6 22. f3 a4 23. c4 axb3 24. axb3 Ree8 25. Ra1 Nc5 26. Qc3 f6 27. b4 Ne6 28. Rec1 Kf7 29. c5 bxc5 30. bxc5 Nb5 31. Qc4 Ke7 32. Nb3 Red8 33. Na5 Qd7 34. Qb4 Kf7 35. Nb7 Rdb8 36. Rxa8 Rxa8 37. Rb1 Na3 38. Rc1 Qd3 39. Bf2 Nf4 40. Re1 Nc2 41. Nd6+ Kg6 42. Qb7 Nxe1 43. Qxc7 Ne2+ 44. Kh1 Ng3+ 0-1

[Event "Regionalliga SW 1617"]
[Site "Bayern"]
[Date "2017.02.19"]
[Round "6.1"]
[White "Braun, Christian"]
[Black "Haizmann, Thomas"]
[Result "1/2-1/2"]
[WhiteElo "2131"]
[BlackElo "2122"]
[PlyCount "35"]
[EventDate "2016.10.16"]
[EventType "team-tourn"]
[EventRounds "9"]
[EventCountry "GER"]
[SourceTitle "EXT 2019"]
[Source "ChessBase"]
[SourceDate "2018.10.10"]
[SourceVersion "1"]
[SourceVersionDate "2018.10.10"]
[SourceQuality "1"]
[WhiteTeam "Bayern Muenchen III"]
[BlackTeam "Muenchen 36 II"]
[WhiteTeamCountry "GER"]
[BlackTeamCountry "GER"]

1. d4 Nf6 2. c4 e6 3. g3 d5 4. Nf3 Be7 5. Bg2 0-0 6. 0-0 dxc4 7. Qc2 a6 8. a4 Bd7 9. Qxc4 Bc6 10. Bf4 Bd6 11. Qc1 Nbd7 12. Nc3 Qe7 13. Rd1 e5 14. dxe5 Bxe5 15. Nxe5 Nxe5 16. Bxe5 Qxe5 17. Bxc6 bxc6 18. Qf4 1/2-1/2

[Event "Bayern-chI Bank Hofmann 20th"]
[Site "Bad Wiessee"]
[Date "2016.11.04"]
[Round "7"]
[White "Braun, Christian"]
[Black "Leeb, Simon"]
[Result "1/2-1/2"]
[WhiteElo "2243"]
[BlackElo "2122"]
[PlyCount "76"]
[EventDate "2016.10.29"]
[EventType "swiss"]
[EventRounds "9"]
[EventCountry "GER"]
[SourceTitle "EXT 2018"]
[Source "ChessBase"]
[SourceDate "2017.10.13"]
[SourceVersion "1"]
[SourceVersionDate "2017.10.13"]
[SourceQuality "1"]

1. d4 d5 2. c4 c6 3. Nf3 Nf6 4. e3 a6 5. Nbd2 b5 6. b3 Bg4 7. Be2 Nbd7 8. h3 Bh5 9. 0-0 e6 10. Qc2 Bb4 11. a3 Bxd2 12. Qxd2 Ne4 13. Qc2 0-0 14. Bb2 Rb8 15. a4 b4 16. a5 f5 17. Ne5 Nxe5 18. dxe5 Bg6 19. f4 Qe7 20. cxd5 cxd5 21. Rac1 Ng3 22. Rfe1 Nxe2+ 23. Rxe2 Bh5 24. Rd2 Rbc8 25. Qxc8 Rxc8 26. Rxc8+ Kf7 27. Rdc2 Qh4 28. R2c7+ Kg6 29. Rg8 Kh6 30. Bd4 Qg3 31. Rcxg7 Qxg7 32. Rxg7 Kxg7 33. Bc5 Bd1 34. Bxb4 Bxb3 35. Kf2 Kg6 36. g4 Bc2 37. Kg3 Bd1 38. Bc5 Be2 1/2-1/2